[Event "Landesklasse Ost 2025/26"]
[Site "?"]
[Date "2025.12.14"]
[Round "4.3"]
[White "Künzel, Andre"]
[Black "Puschendorf, Steffen"]
[Result "1-0"]
[WhiteElo "1944"]
[BlackElo "2023"]
[WhiteFideId "-1"]
[BlackFideId "-1"]
[PlyCount "126"]
[GameId "552251631266"]
[EventDate "2025.09.14"]
[EventType "team-tourn"]
[EventRounds "9"]
[SourceTitle "Thueringer Schachbund"]
[Source "ThSB"]
[SourceDate "2025.09.14"]
[SourceVersion "1"]
[SourceVersionDate "2025.09.14"]
[SourceQuality "1"]
[WhiteTeam "Schachklub Weida"]
[BlackTeam "ESV Gera"]

{[%evp 0,126,19,17,26,17,86,52,56,38,56,-2,122,38,94,54,78,90,86,75,56,60,54,42,34,11,25,2,11,2,51,45,55,16,41,15,15,8,5,-5,-10,-49,-43,-49,-26,-60,-51,-70,-52,-42,-40,-60,-30,-62,-65,-115,-53,-111,-26,-125,-57,-70,-21,-43,-32,-26,-31,-59,14,14,14,-13,0,-7,27,44,44,-7,35,37,40,10,57,28,27,5,26,-3,-1,-3,63,-27,-12,-22,4,3,3,18,21,36,64,44,64,99,99,41,46,46,49,0,25,66,66,99,133,100,144,138,153,183,183,202,210,210,235,189,237,230,870]} 1. d4 e6 2. Bf4 c5 3. e3 cxd4 4. exd4 Qb6 5. Nc3 a6 6. a3 Nf6 7. Nf3 d6 8. Be2 Be7 9. h3 O-O 10. O-O Bd7 11. Qd2 Bc6 12. Rab1 Nbd7 13. Qe3 Rac8 14. Nd2 Qc7 15. Qg3 Rfd8 16. Rfe1 Nf8 17. Bf3 Ng6 18. Bg5 Bxf3 19. Qxf3 h6 20. Be3 d5 21. Ra1 b5 22. Rec1 Nh4 23. Qf4 Qxf4 24. Bxf4 Nf5 25. Ne2 Nd6 26. b4 Nc4 27. Nb3 Ra8 28. Kf1 a5 29. Bc7 Rd7 30. Bxa5 Nxa5 31. Nxa5 Ne4 32. f3 Nd6 33. Rcb1 Nc4 34. Nxc4 dxc4 35. Nc3 Rb8 36. Rd1 Bf6 37. Ne4 Ra8 38. Ra2 Rda7 39. Nxf6+ gxf6 40. Rda1 e5 41. dxe5 fxe5 42. Ke2 Kf8 43. Kd2 Ke7 44. Kc3 f5 45. g4 fxg4 46. hxg4 Rf8 47. Rf1 Ke6 48. a4 bxa4 49. b5 Kd5 50. Kb4 a3 51. Rd1+ Ke6 52. Rh1 Rxf3 53. Rxh6+ Kd5 54. Rc6 Rg3 55. Rc5+ Kd6 56. Rxc4 Kd5 57. Rc5+ Kd6 58. Rc6+ Kd7 59. Rg6 Ra8 60. c4 Rf3 61. Rg7+ Ke6 62. b6 e4 63. Ra7 e3 1-0

[Event "Landesklasse Ost 2025/26"]
[Site "?"]
[Date "2025.12.14"]
[Round "4.4"]
[White "Hanmuradov, Ülwi"]
[Black "Schumann, Robert"]
[Result "1/2-1/2"]
[WhiteElo "1821"]
[BlackElo "1836"]
[WhiteFideId "-1"]
[BlackFideId "-1"]
[PlyCount "109"]
[GameId "552251631267"]
[EventDate "2025.09.14"]
[EventType "team-tourn"]
[EventRounds "9"]
[SourceTitle "Thueringer Schachbund"]
[Source "ThSB"]
[SourceDate "2025.09.14"]
[SourceVersion "1"]
[SourceVersionDate "2025.09.14"]
[SourceQuality "1"]
[WhiteTeam "ESV Gera"]
[BlackTeam "Schachklub Weida"]

{[%evp 0,109,19,19,26,20,9,-20,23,-11,-7,7,16,-6,9,7,55,-37,22,-35,15,-24,7,-65,21,-16,-16,-54,-44,-44,-5,-5,-3,-1,15,15,50,50,81,81,81,84,95,4,61,-5,49,65,72,60,82,80,82,71,71,61,63,63,63,63,64,38,31,25,64,71,71,58,71,71,91,78,41,21,120,115,117,116,101,74,74,74,83,87,87,84,84,91,96,91,81,81,92,42,105,39,-59,-59,161,-32,-43,-43,0,0,0,0,0,0,0,0,0,0]} 1. Nf3 d5 2. g3 Nf6 3. Bg2 Nbd7 4. O-O e5 5. d3 Be7 6. Nbd2 O-O 7. e4 dxe4 8. dxe4 Re8 9. c3 Bf8 10. Qc2 Nc5 11. Rd1 Qd3 12. Qxd3 Nxd3 13. Bf1 Nxc1 14. Raxc1 Bg4 15. h3 Bxf3 16. Nxf3 Nxe4 17. Re1 f5 18. Bd3 Rad8 19. Bxe4 fxe4 20. Rxe4 Rd3 21. Ne1 Rd5 22. Rc2 Red8 23. Rce2 Bd6 24. Nf3 Kf7 25. c4 Rd1+ 26. Kg2 Re8 27. Nxe5+ Rxe5 28. Rxe5 Bxe5 29. Rxe5 Rd2 30. Rb5 b6 31. a4 a6 32. Rd5 Rxb2 33. Rd7+ Kf6 34. Rxc7 Rb4 35. Kf3 a5 36. Ke4 Rb2 37. Kd5 h5 38. f3 Rb3 39. Rc6+ Kf5 40. g4+ hxg4 41. hxg4+ Kf4 42. Rg6 Kxf3 43. Rxg7 Rb4 44. Rg6 Kf4 45. Rg8 Rxa4 46. g5 Rb4 47. Ke6 Rxc4 48. g6 Rc6+ 49. Kf7 Kg5 50. g7 Rf6+ 51. Ke7 Rg6 52. Kf7 Rf6+ 53. Ke7 Rg6 54. Kf7 Rf6+ 55. Ke7 1/2-1/2

[Event "Landesklasse Ost 2025/26"]
[Site "?"]
[Date "2025.12.14"]
[Round "4.5"]
[White "Wagner, Uwe"]
[Black "Hilbig, Dieter"]
[Result "1-0"]
[WhiteElo "1733"]
[BlackElo "1816"]
[WhiteFideId "-1"]
[BlackFideId "-1"]
[PlyCount "117"]
[GameId "552251631280"]
[EventDate "2025.09.14"]
[EventType "team-tourn"]
[EventRounds "9"]
[SourceTitle "Thueringer Schachbund"]
[Source "ThSB"]
[SourceDate "2025.09.14"]
[SourceVersion "1"]
[SourceVersionDate "2025.09.14"]
[SourceQuality "1"]
[WhiteTeam "Schachklub Weida"]
[BlackTeam "ESV Gera"]

{[%evp 0,117,80,20,20,0,-14,-30,-30,-30,-3,-33,0,-52,-37,-39,-16,-16,-7,-49,-18,-81,-11,-11,-20,-20,-6,-6,-1,-20,-19,-10,-19,-30,-5,-6,-17,-33,-4,-52,-19,-46,-35,-58,-57,-60,-48,-62,-51,-64,-48,-66,51,-22,-57,-63,-57,-27,-56,-56,-91,-55,-21,-17,-11,-41,-42,-35,-55,8,19,9,31,55,68,68,125,12,98,67,72,74,62,-58,-63,-82,-37,-103,-103,-109,-98,-98,59,49,105,109,109,109,198,228,252,189,161,127,230,176,320,398,1072,780,1104,875,1229,1275,1282,1275,1595,1595,1681,1430]} 1. Nf3 d5 2. b3 Bf5 3. Bb2 e6 4. e3 Nf6 5. Be2 h6 6. a3 Nbd7 7. d4 c5 8. O-O Be7 9. Bd3 Ne4 10. Nfd2 Nxd2 11. Nxd2 Bxd3 12. cxd3 Bf6 13. Nf3 cxd4 14. Bxd4 e5 15. Bb2 O-O 16. h3 Qb6 17. d4 e4 18. Nd2 Bg5 19. h4 Be7 20. g3 Rac8 21. Rc1 Qe6 22. Kg2 Qg6 23. h5 Qg5 24. f4 exf3+ 25. Qxf3 Bd6 26. Rxc8 Rxc8 27. Qxf7+ Kh8 28. Qg6 Qxg6 29. hxg6 Rc2 30. Bc1 Nf6 31. Kf3 Nh5 32. g4 Nf6 33. b4 Kg8 34. Ke2 Nxg4 35. Kd3 Rc7 36. e4 dxe4+ 37. Nxe4 Rd7 38. Rg1 h5 39. Rh1 Be5 40. Bb2 Bf4 41. Rf1 Ne5+ 42. Ke2 Nxg6 43. Nc5 Re7+ 44. Kd3 Re3+ 45. Kc4 b6 46. Bc1 Re2 47. Bxf4 bxc5 48. bxc5 h4 49. Bd6 Ne7 50. Bxe7 Rxe7 51. c6 g5 52. d5 h3 53. d6 Re2 54. c7 Rc2+ 55. Kd5 g4 56. d7 Rd2+ 57. Kc6 Rc2+ 58. Kb7 Rb2+ 59. Kc8 1-0

[Event "Landesklasse Ost 2025/26"]
[Site "?"]
[Date "2025.12.14"]
[Round "4.6"]
[White "Kupper, Matthias"]
[Black "Heine, Mario"]
[Result "1/2-1/2"]
[WhiteElo "1729"]
[BlackElo "1716"]
[WhiteFideId "-1"]
[BlackFideId "-1"]
[PlyCount "77"]
[GameId "552251631281"]
[EventDate "2025.09.14"]
[EventType "team-tourn"]
[EventRounds "9"]
[SourceTitle "Thueringer Schachbund"]
[Source "ThSB"]
[SourceDate "2025.09.14"]
[SourceVersion "1"]
[SourceVersionDate "2025.09.14"]
[SourceQuality "1"]
[WhiteTeam "ESV Gera"]
[BlackTeam "Schachklub Weida"]

{[%evp 0,77,20,18,49,72,56,78,90,54,54,56,47,66,60,23,52,40,42,10,-12,-17,-25,-36,-27,-37,-14,-42,-42,-65,-63,-63,-58,-83,-92,-127,-119,-118,-103,-122,-116,-135,-123,-158,-129,-149,-149,-136,-114,-117,-91,-88,-97,-154,-133,-129,-142,-100,-100,-154,-80,-97,-90,-78,-83,-82,-80,-80,-66,-92,-84,-111,-72,-87,-68,-63,-81,-94,-85,-96]} 1. e4 d6 2. d4 Nf6 3. Nc3 Nbd7 4. Bd3 e5 5. Nge2 c6 6. O-O Be7 7. Kh1 Qc7 8. f4 O-O 9. dxe5 dxe5 10. f5 b5 11. Ng3 Nc5 12. Be3 a5 13. Bxc5 Bxc5 14. Nh5 Qe7 15. Nxf6+ Qxf6 16. Rf3 Bb7 17. Ne2 Rad8 18. Qe1 Bb6 19. c3 Rd6 20. Rd1 Rfd8 21. Ng3 Qh4 22. Bc2 Rxd1 23. Bxd1 Rd6 24. Bc2 Rh6 25. h3 Rd6 26. Qe2 Qg5 27. Nf1 Qc1 28. Rd3 Rxd3 29. Bxd3 Qf4 30. g3 Qg5 31. Kh2 Qe7 32. Nd2 Qc5 33. Nf3 f6 34. Bc2 a4 35. Qd2 Kf8 36. g4 Ke7 37. g5 Qe3 38. gxf6+ gxf6 39. Kg3 1/2-1/2

[Event "Landesklasse Ost 2025/26"]
[Site "?"]
[Date "2025.12.14"]
[Round "4.7"]
[White "Pillot, Franz"]
[Black "Wille, Carsten"]
[Result "1/2-1/2"]
[WhiteElo "1321"]
[BlackElo "1618"]
[WhiteFideId "-1"]
[BlackFideId "-1"]
[PlyCount "63"]
[GameId "552251631282"]
[EventDate "2025.09.14"]
[EventType "team-tourn"]
[EventRounds "9"]
[SourceTitle "Thueringer Schachbund"]
[Source "ThSB"]
[SourceDate "2025.09.14"]
[SourceVersion "1"]
[SourceVersionDate "2025.09.14"]
[SourceQuality "1"]
[WhiteTeam "Schachklub Weida"]
[BlackTeam "ESV Gera"]

{[%evp 0,63,20,18,73,66,88,74,83,50,73,24,66,23,97,74,69,34,53,37,41,34,27,26,27,19,-2,-7,20,2,18,11,-10,-15,38,18,30,24,35,11,9,9,31,22,14,3,4,-2,-2,-18,-13,-14,-8,-56,110,-44,13,3,3,-127,-94,-82,-58,-73,-66,-104]} 1. e4 d6 2. Nf3 g6 3. h3 Bg7 4. Bc4 Nf6 5. d3 O-O 6. O-O c5 7. Nc3 Nc6 8. a3 a6 9. Bg5 h6 10. Be3 b5 11. Ba2 Bb7 12. Re1 Rc8 13. Qd2 Kh7 14. Rab1 Qa5 15. Bb3 Qc7 16. Ne2 Na5 17. Ba2 c4 18. Rbc1 Nd7 19. Bd4 Bxd4 20. Nexd4 c3 21. bxc3 Qxc3 22. Bb3 e6 23. Qe3 Qc5 24. Qd2 Nc6 25. Nxc6 Bxc6 26. Nh2 d5 27. e5 Bb7 28. Ng4 g5 29. Re3 d4 30. Ree1 Kg7 31. h4 Qe7 32. h5 1/2-1/2

[Event "Landesklasse Ost 2025/26"]
[Site "?"]
[Date "2025.12.14"]
[Round "4.8"]
[White "Meusel, Theo"]
[Black "Lehmann, Volkhard"]
[Result "1/2-1/2"]
[WhiteElo "1554"]
[BlackElo "1546"]
[WhiteFideId "-1"]
[BlackFideId "-1"]
[PlyCount "42"]
[GameId "552251631283"]
[EventDate "2025.09.14"]
[EventType "team-tourn"]
[EventRounds "9"]
[SourceTitle "Thueringer Schachbund"]
[Source "ThSB"]
[SourceDate "2025.09.14"]
[SourceVersion "1"]
[SourceVersionDate "2025.09.14"]
[SourceQuality "1"]
[WhiteTeam "ESV Gera"]
[BlackTeam "Schachklub Weida"]

{[%evp 0,42,20,18,100,100,86,-4,51,-4,3,3,17,-44,-20,-41,-3,21,23,-48,-3,-23,-10,-75,12,16,52,0,41,49,59,74,129,43,28,28,36,33,35,35,35,21,17,16,29]} 1. e4 c5 2. Nf3 d6 3. g3 g6 4. Bg2 Bg7 5. O-O Nf6 6. Re1 O-O 7. e5 Nh5 8. exd6 exd6 9. c3 Nc6 10. d3 Be6 11. Be3 Qd7 12. Nbd2 Rad8 13. Bg5 Bf6 14. Ne4 Bxg5 15. Nfxg5 Kg7 16. Re3 h6 17. Nxe6+ fxe6 18. Qe2 Nf6 19. Nxf6 Rxf6 20. Re1 e5 21. Rf3 Rdf8 1/2-1/2

[Event "Landesklasse Ost 2025/26"]
[Site "?"]
[Date "2025.12.14"]
[Round "4.2"]
[White "Wentzel, Florian"]
[Black "Kreutzmann, Henry"]
[Result "1-0"]
[WhiteElo "2053"]
[BlackElo "1775"]
[WhiteFideId "-1"]
[BlackFideId "-1"]
[PlyCount "91"]
[GameId "2255026464579618"]
[EventDate "2025.09.14"]
[EventType "team-tourn"]
[EventRounds "9"]
[SourceTitle "Thueringer Schachbund"]
[Source "ThSB"]
[SourceDate "2025.09.14"]
[SourceVersion "1"]
[SourceVersionDate "2025.09.14"]
[SourceQuality "1"]
[WhiteTeam "TV 1887 Germania Hermsdorf"]
[BlackTeam "SV Thuringia Königsee"]

{[%evp 0,91,20,18,100,79,79,78,10,56,49,41,31,13,62,12,-21,-35,-19,13,13,-10,21,16,29,-22,29,29,29,29,37,35,35,-3,28,13,20,-16,77,96,96,115,116,115,146,133,136,136,103,74,85,113,113,66,90,84,144,46,94,84,84,76,101,98,134,140,145,145,165,118,126,70,86,90,79,60,133,115,128,128,155,127,127,127,132,66,54,84,26,50,310,122,143,120]} 1. e4 c5 2. Nf3 Nc6 3. d4 cxd4 4. Nxd4 Nf6 5. Nc3 e6 6. Ndb5 d6 7. Bf4 e5 8. Bg5 a6 9. Na3 b5 10. Nd5 Qa5+ 11. Bd2 Qd8 12. Bg5 Qa5+ 13. Bd2 Qd8 14. Be3 Qa5+ 15. c3 Nxd5 16. exd5 Ne7 17. Nc2 Bb7 18. Nb4 g6 19. a4 bxa4 20. Rxa4 Qd8 21. Bxa6 Bxa6 22. Nxa6 Rc8 23. O-O Bg7 24. f3 Qd7 25. Nb4 O-O 26. Qb3 Rc7 27. Rfa1 Qb5 28. Ra7 Rxa7 29. Rxa7 Qe2 30. Bf2 Nf5 31. Qc2 Qb5 32. Qd3 Qb8 33. Qe2 Re8 34. Qa6 Bh6 35. Qb7 Qxb7 36. Rxb7 Ra8 37. Ra7 Rb8 38. Ra6 Bc1 39. g4 Nd4 40. cxd4 Rxb4 41. dxe5 dxe5 42. Rb6 Rxb2 43. Rxb2 Bxb2 44. Bc5 f5 45. d6 e4 46. d7 1-0

[Event "Landesklasse Ost 2025/26"]
[Site "?"]
[Date "2025.12.14"]
[Round "4.3"]
[White "Häusler, Willi"]
[Black "Moje, Hans-Jürgen"]
[Result "0-1"]
[WhiteElo "1725"]
[BlackElo "1800"]
[WhiteFideId "-1"]
[BlackFideId "-1"]
[PlyCount "36"]
[GameId "2255027925721125"]
[EventDate "2025.09.14"]
[EventType "team-tourn"]
[EventRounds "9"]
[SourceTitle "Thueringer Schachbund"]
[Source "ThSB"]
[SourceDate "2025.09.14"]
[SourceVersion "1"]
[SourceVersionDate "2025.09.14"]
[SourceQuality "1"]
[WhiteTeam "SV Thuringia Königsee"]
[BlackTeam "TV 1887 Germania Hermsdorf"]

{[%evp 0,36,20,18,43,43,43,-17,-9,-25,-26,-95,-51,-51,-2,-51,-30,-63,-20,39,39,40,31,31,29,48,25,25,111,86,152,195,308,303,108,102,106,-602,-602]} 1. e4 e5 2. Nf3 Nc6 3. Bb5 a6 4. Ba4 Nf6 5. O-O b5 6. Bb3 Be7 7. Re1 O-O 8. c3 d5 9. exd5 Nxd5 10. Nxe5 Nxe5 11. Rxe5 Nf6 12. d4 Bd6 13. Re1 Ng4 14. h3 Qh4 15. Qf3 Nxf2 16. Qxf2 Bh2+ 17. Kf1 Bg3 18. Qxf7+ Rxf7+ 0-1

[Event "Landesklasse Ost 2025/26"]
[Site "?"]
[Date "2025.12.14"]
[Round "4.4"]
[White "Hadlich, Gerald"]
[Black "Möller, Frank"]
[Result "0-1"]
[WhiteElo "1766"]
[BlackElo "1801"]
[WhiteFideId "-1"]
[BlackFideId "-1"]
[PlyCount "72"]
[GameId "2255029062754347"]
[EventDate "2025.09.14"]
[EventType "team-tourn"]
[EventRounds "9"]
[SourceTitle "Thueringer Schachbund"]
[Source "ThSB"]
[SourceDate "2025.09.14"]
[SourceVersion "1"]
[SourceVersionDate "2025.09.14"]
[SourceQuality "1"]
[WhiteTeam "TV 1887 Germania Hermsdorf"]
[BlackTeam "SV Thuringia Königsee"]

{[%evp 0,72,20,18,26,18,18,-26,6,-23,87,24,94,74,81,82,80,67,70,41,105,86,86,165,150,89,131,59,71,71,98,29,106,132,132,124,106,132,136,142,142,108,108,111,101,4,31,7,24,-2,-2,-4,0,1,-3,16,11,-24,-24,-28,-36,-52,-19,-94,-4,-103,0,-52,-54,-195,-235,-220,-310,-310,-310]} 1. e4 d5 2. exd5 Qxd5 3. Nf3 Nf6 4. d4 c6 5. c4 Qd8 6. Be2 Bf5 7. Nc3 e6 8. O-O Bd6 9. Qb3 Qc7 10. c5 Be7 11. Bf4 Qc8 12. Rfe1 O-O 13. Ne5 Nbd7 14. Nc4 Nd5 15. Bd6 Re8 16. Bxe7 Rxe7 17. Nd6 Qc7 18. Nxf5 exf5 19. Nxd5 cxd5 20. Bf3 Nf6 21. Rxe7 Qxe7 22. Qe3 Qd7 23. Qd2 Re8 24. b4 Ne4 25. Bxe4 fxe4 26. a4 a6 27. Qe2 f5 28. g3 f4 29. b5 f3 30. Qf1 Qe6 31. Rd1 Rf8 32. bxa6 bxa6 33. Rb1 e3 34. fxe3 f2+ 35. Kg2 Qe4+ 36. Kh3 Qxb1 0-1

[Event "Landesklasse Ost 2025/26"]
[Site "?"]
[Date "2025.12.14"]
[Round "4.5"]
[White "Steiger, Bernd"]
[Black "Pietsch, Karsten"]
[Result "1-0"]
[WhiteElo "1777"]
[BlackElo "1706"]
[WhiteFideId "-1"]
[BlackFideId "-1"]
[PlyCount "71"]
[GameId "2255030208159790"]
[EventDate "2025.09.14"]
[EventType "team-tourn"]
[EventRounds "9"]
[SourceTitle "Thueringer Schachbund"]
[Source "ThSB"]
[SourceDate "2025.09.14"]
[SourceVersion "1"]
[SourceVersionDate "2025.09.14"]
[SourceQuality "1"]
[WhiteTeam "SV Thuringia Königsee"]
[BlackTeam "TV 1887 Germania Hermsdorf"]

{[%evp 0,71,21,18,43,43,39,-17,80,68,45,53,76,19,48,17,52,64,78,84,94,67,64,54,54,30,36,-16,-31,-36,-25,-27,-11,-59,-48,-47,-54,-360,-287,-324,-316,-316,-316,-316,-316,-366,-304,-309,-493,-29993,387,391,402,370,372,373,392,344,516,243,255,247,287,297,304,312,312,318,344,301,336,336,357,335]} 1. e4 e5 2. Nf3 Nc6 3. Bb5 f5 4. d3 fxe4 5. dxe4 Nf6 6. Bg5 Bc5 7. O-O h6 8. Bxf6 Qxf6 9. Qd5 Bd6 10. Nc3 a6 11. Ba4 b5 12. Bb3 Bb7 13. Rad1 Na5 14. Qd3 Nxb3 15. axb3 O-O 16. Ne2 Qg6 17. Ng3 Rf4 18. Nf5 Bxe4 19. Qxd6 Qxg2+ 20. Kxg2 Bxf3+ 21. Kg3 cxd6 22. Nxd6 Raf8 23. Rd2 Rg4+ 24. Kh3 Rf5 25. Nxf5 Rg5 26. Ng3 d5 27. Ra1 Rg6 28. Rd3 e4 29. Rxf3 exf3 30. Rd1 Rg5 31. Rd3 Re5 32. Kg4 Kf7 33. Rxf3+ Kg6 34. Re3 Rg5+ 35. Kf4 Kf6 36. h4 1-0

[Event "Landesklasse Ost 2025/26"]
[Site "?"]
[Date "2025.12.14"]
[Round "4.6"]
[White "Kretschmann, Ralph"]
[Black "Seemann, Kevin"]
[Result "1-0"]
[WhiteElo "1402"]
[BlackElo "1508"]
[WhiteFideId "-1"]
[BlackFideId "-1"]
[PlyCount "57"]
[GameId "2255031287337012"]
[EventDate "2025.09.14"]
[EventType "team-tourn"]
[EventRounds "9"]
[SourceTitle "Thueringer Schachbund"]
[Source "ThSB"]
[SourceDate "2025.09.14"]
[SourceVersion "1"]
[SourceVersionDate "2025.09.14"]
[SourceQuality "1"]
[WhiteTeam "TV 1887 Germania Hermsdorf"]
[BlackTeam "SV Thuringia Königsee"]

{[%evp 0,57,21,18,21,11,18,18,83,60,65,-17,104,96,330,100,92,83,116,58,120,99,74,58,63,40,31,4,20,15,36,21,16,28,28,28,117,56,56,39,77,51,88,28,85,31,77,15,30,25,4,24,36,53,146,146,270,156,120,147]} 1. e4 d5 2. exd5 Qxd5 3. Nc3 Qa5 4. d4 Nf6 5. Bd3 c6 6. Nge2 Bf5 7. O-O Bxd3 8. Qxd3 e6 9. Bf4 Be7 10. a3 O-O 11. b4 Qd8 12. Rfe1 Nbd7 13. Ng3 Nb6 14. Nge4 Nbd5 15. Be5 Nxe4 16. Nxe4 f6 17. Bg3 Qc8 18. Nc5 Bxc5 19. bxc5 Re8 20. Bd6 Qd7 21. Rab1 Rad8 22. Qb3 b6 23. Bg3 b5 24. c4 bxc4 25. Qxc4 Kf7 26. Qa6 Kg6 27. Rb7 Qc8 28. Qd3+ f5 29. Rxa7 1-0

[Event "Landesklasse Ost 2025/26"]
[Site "?"]
[Date "2025.12.14"]
[Round "4.1"]
[White "Tobal, Elias"]
[Black "Röder, Bastian"]
[Result "1-0"]
[WhiteElo "1951"]
[BlackElo "1837"]
[WhiteFideId "-1"]
[BlackFideId "-1"]
[PlyCount "91"]
[GameId "552346370644"]
[EventDate "2025.09.14"]
[EventType "team-tourn"]
[EventRounds "9"]
[SourceTitle "Thueringer Schachbund"]
[Source "ThSB"]
[SourceDate "2025.09.14"]
[SourceVersion "1"]
[SourceVersionDate "2025.09.14"]
[SourceQuality "1"]
[WhiteTeam "SC Turm Erfurt"]
[BlackTeam "SC Rochade Zeulenroda"]

1. d4 d6 2. e4 Nf6 3. Nc3 Nbd7 4. Nf3 e5 5. Bc4 Be7 6. Bxf7+ Kxf7 7. Ng5+ Kg8 8. Ne6 Qe8 9. Nxc7 Qg6 10. Nxa8 Qxg2 11. Rf1 exd4 12. Qxd4 Ne5 13. f3 Nfg4 14. Qd5+ Nf7 15. Qc4 Bh4+ 16. Kd1 Be6 17. Qb5 h6 18. Bf4 Nf2+ 19. Kc1 Qxf3 20. Bg3 Bxg3 21. hxg3 Qe3+ 22. Kb1 Kh7 23. Nc7 Bh3 24. Rc1 Rc8 25. N7d5 Qd4 26. Nf4 Bg4 27. Qd5 Qxd5 28. Nfxd5 Ne5 29. Rf1 Nh3 30. b3 Ng5 31. Kb2 Bf3 32. Rae1 a6 33. Re3 Rf8 34. Nf4 g6 35. Nd3 Ng4 36. Ree1 Nh2 37. Rf2 Ng4 38. Rff1 Nh2 39. Rg1 Re8 40. e5 d5 41. Nf4 d4 42. Nce2 Rxe5 43. Nxd4 Be4 44. Re2 Ng4 45. Rge1 Kg7 46. Nfe6+ 1-0

[Event "Landesklasse Ost 2025/26"]
[Site "?"]
[Date "2025.12.14"]
[Round "4.2"]
[White "Glock, Benjamin"]
[Black "McLeod, Andrew"]
[Result "1-0"]
[WhiteElo "1886"]
[BlackElo "1919"]
[WhiteFideId "-1"]
[BlackFideId "-1"]
[PlyCount "71"]
[GameId "552347913848"]
[EventDate "2025.09.14"]
[EventType "team-tourn"]
[EventRounds "9"]
[SourceTitle "Thueringer Schachbund"]
[Source "ThSB"]
[SourceDate "2025.09.14"]
[SourceVersion "1"]
[SourceVersionDate "2025.09.14"]
[SourceQuality "1"]
[WhiteTeam "SC Rochade Zeulenroda"]
[BlackTeam "SC Turm Erfurt"]

1. d4 Nf6 2. Bg5 d5 3. e3 c5 4. c3 Nc6 5. Bd3 Qb6 6. Nd2 e5 7. dxc5 Bxc5 8. Bxf6 gxf6 9. Ne2 Be6 10. Nb3 Be7 11. Ng3 a5 12. Qc2 a4 13. Nd2 e4 14. Be2 f5 15. Nh5 Ne5 16. Nf4 Rg8 17. O-O Bg5 18. Nxe6 fxe6 19. c4 Bxe3 20. Bh5+ Ke7 21. fxe3 Qxe3+ 22. Kh1 Qg5 23. Nf3 exf3 24. Bxf3 Nxc4 25. Rfe1 Kd6 26. Qe2 Rg6 27. Rad1 Na5 28. Qe5+ Kc6 29. Rc1+ Kb6 30. Qd4+ Ka6 31. Qxa4 Kb6 32. Qb4+ Ka6 33. Rc5 b6 34. Rc7 Ra7 35. Be2+ Nc4 36. Qa4# 1-0

[Event "Landesklasse Ost 2025/26"]
[Site "?"]
[Date "2025.12.14"]
[Round "4.3"]
[White "Strohner, Maximilian"]
[Black "Urinov, Bekzod"]
[Result "1/2-1/2"]
[WhiteElo "1802"]
[BlackElo "1979"]
[WhiteFideId "-1"]
[BlackFideId "-1"]
[PlyCount "47"]
[GameId "552349342402"]
[EventDate "2025.09.14"]
[EventType "team-tourn"]
[EventRounds "9"]
[SourceTitle "Thueringer Schachbund"]
[Source "ThSB"]
[SourceDate "2025.09.14"]
[SourceVersion "1"]
[SourceVersionDate "2025.09.14"]
[SourceQuality "1"]
[WhiteTeam "SC Turm Erfurt"]
[BlackTeam "SC Rochade Zeulenroda"]

1. e4 c5 2. b3 d6 3. Bb2 Nf6 4. Bb5+ Nbd7 5. d3 e6 6. f4 a6 7. Bxd7+ Bxd7 8. Nd2 Be7 9. g4 e5 10. f5 Bc6 11. Qe2 Qa5 12. g5 Nd7 13. Ngf3 h6 14. Rg1 hxg5 15. Nxg5 Bxg5 16. Rxg5 O-O-O 17. O-O-O Rdg8 18. Nc4 Qc7 19. Rdg1 b5 20. Ne3 Rh7 21. R1g3 Nf6 22. Ng4 Nxg4 23. R5xg4 f6 24. Qg2 1/2-1/2

[Event "Landesklasse Ost 2025/26"]
[Site "?"]
[Date "2025.12.14"]
[Round "4.4"]
[White "Prütting, Marcus"]
[Black "Schade, Holger"]
[Result "1-0"]
[WhiteElo "1873"]
[BlackElo "1766"]
[WhiteFideId "-1"]
[BlackFideId "-1"]
[PlyCount "85"]
[GameId "552380021250"]
[EventDate "2025.09.14"]
[EventType "team-tourn"]
[EventRounds "9"]
[SourceTitle "Thueringer Schachbund"]
[Source "ThSB"]
[SourceDate "2025.09.14"]
[SourceVersion "1"]
[SourceVersionDate "2025.09.14"]
[SourceQuality "1"]
[WhiteTeam "SC Rochade Zeulenroda"]
[BlackTeam "SC Turm Erfurt"]

1. d4 d5 2. c4 c6 3. Nc3 Nf6 4. Nf3 Bf5 5. cxd5 cxd5 6. Qb3 b6 7. Bg5 e6 8. e4 dxe4 9. Bb5+ Ke7 10. Bf4 Ne8 11. Qa3+ Nd6 12. Ne5 Kf6 13. g4 g5 14. gxf5 gxf4 15. Ng4+ Kxf5 16. Nxe4 Nxb5 17. Qf3 Bb4+ 18. Kf1 Qxd4 19. Nh6+ Ke5 20. Nxf7+ Kf5 21. Ng3+ Kf6 22. Nxh8 Qc4+ 23. Ne2 Nc6 24. Rc1 Ne5 25. Rxc4 Nxf3 26. Rxb4 Nd2+ 27. Ke1 Nf3+ 28. Kd1 Rd8+ 29. Kc1 Rc8+ 30. Kb1 Nd2+ 31. Ka1 f3 32. Ng3 a6 33. Ne4+ Nxe4 34. Rxe4 Rxh8 35. Rhe1 Nc7 36. Rf4+ Ke7 37. Rxf3 Rg8 38. Rh3 Rg7 39. a3 Nd5 40. Rh6 Nf4 41. Ka2 Kd6 42. Rf6 Rg4 43. Re4 1-0

[Event "Landesklasse Ost 2025/26"]
[Site "?"]
[Date "2025.12.14"]
[Round "4.5"]
[White "Stöcklein, Paul"]
[Black "Fuchs, Antje"]
[Result "1-0"]
[WhiteElo "1749"]
[BlackElo "1929"]
[WhiteFideId "-1"]
[BlackFideId "-1"]
[PlyCount "87"]
[GameId "552380835843"]
[EventDate "2025.09.14"]
[EventType "team-tourn"]
[EventRounds "9"]
[SourceTitle "Thueringer Schachbund"]
[Source "ThSB"]
[SourceDate "2025.09.14"]
[SourceVersion "1"]
[SourceVersionDate "2025.09.14"]
[SourceQuality "1"]
[WhiteTeam "SC Turm Erfurt"]
[BlackTeam "SC Rochade Zeulenroda"]

1. e4 c5 2. Nf3 d6 3. d4 cxd4 4. Nxd4 Nf6 5. Nc3 a6 6. Bg5 e6 7. f4 Qc7 8. Qf3 Nbd7 9. O-O-O b5 10. Bd3 Bb7 11. Rhe1 O-O-O 12. f5 b4 13. fxe6 Ne5 14. Qh3 bxc3 15. e7+ Rd7 16. Bxf6 Bxe7 17. Bxe7 Kb8 18. Nf5 Rxe7 19. Nxe7 Qxe7 20. Bf1 Rc8 21. Rd4 cxb2+ 22. Kb1 Qf6 23. Qf5 Qh4 24. Red1 g6 25. Qh3 Qxh3 26. gxh3 Rc6 27. Rxd6 Rxd6 28. Rxd6 Kc7 29. Rf6 a5 30. Bd3 Bc8 31. Kxb2 Be6 32. a4 Kd6 33. Kc3 Kc5 34. Rf1 Bxh3 35. Rb1 Bd7 36. Bb5 Be6 37. Be8 Nc4 38. Rb5+ Kd6 39. Rb7 Ne5 40. Ra7 Nf3 41. Bxf7 Bd7 42. Rxa5 Nxh2 43. Bg8 g5 44. e5+ 1-0